| 000 | 00394nam a2200133Ia 4500 | ||
|---|---|---|---|
| 008 | 211109s9999||||xx |||||||||||||| ||und|| | ||
| 082 |
_a894.8121 _bRAM-K |
||
| 100 | _aRamanmenon Kulajunnathu, | ||
| 245 | 0 | _aKeralavarma Part Ii | |
| 260 |
_bNATIONAL BOOKSTALL _aKottayam _c1900 |
||
| 630 | _xGeneral Stack | ||
| 650 |
_amalayalam Literature _vLiteratureMalayalam Poetry _xGeneralia |
||
| 942 | _cBOOK | ||
| 999 |
_c5355 _d5355 |
||